<?xml version="1.0" encoding="UTF-8"?>
<record
    xmlns:xsi="http://www.w3.org/2001/XMLSchema-instance"
    xsi:schemaLocation="http://www.loc.gov/MARC21/slim http://www.loc.gov/standards/marcxml/schema/MARC21slim.xsd"
    xmlns="http://www.loc.gov/MARC21/slim">

  <leader>01017nam a22001937a 4500</leader>
  <controlfield tag="008">110721s1971    ua||||| |||| 00| 0 ara d</controlfield>
  <datafield tag="082" ind1=" " ind2=" ">
    <subfield code="2">22</subfield>
    <subfield code="a">240</subfield>
    <subfield code="b">&#x631; &#x633; &#x627;</subfield>
  </datafield>
  <datafield tag="245" ind1=" " ind2=" ">
    <subfield code="a">&#x631;&#x633;&#x627;&#x626;&#x644; &#x627;&#x644;&#x639;&#x62F;&#x644; &#x648;&#x627;&#x644;&#x62A;&#x648;&#x62D;&#x64A;&#x62F; /</subfield>
    <subfield code="c">&#x627;&#x644;&#x62D;&#x633;&#x646; &#x627;&#x644;&#x628;&#x635;&#x631;&#x64A;...]&#x648;&#x622;&#x62E;]&#x61B; &#x62F;&#x631;&#x627;&#x633;&#x629; &#x648;&#x62A;&#x62D;&#x642;&#x64A;&#x642; &#x645;&#x62D;&#x645;&#x62F; &#x639;&#x645;&#x627;&#x631;&#x629;</subfield>
  </datafield>
  <datafield tag="260" ind1=" " ind2=" ">
    <subfield code="a">&#x627;&#x644;&#x642;&#x627;&#x647;&#x631;&#x629; :</subfield>
    <subfield code="b">&#x62F;&#x627;&#x631; &#x627;&#x644;&#x647;&#x644;&#x627;&#x644;&#x60C; 1971</subfield>
    <subfield code="c">1971</subfield>
  </datafield>
  <datafield tag="300" ind1=" " ind2=" ">
    <subfield code="a">2 &#x645;&#x62C; &#x61B;</subfield>
    <subfield code="c">22 &#x633;&#x645;</subfield>
  </datafield>
  <datafield tag="505" ind1=" " ind2=" ">
    <subfield code="a">&#x631;&#x633;&#x627;&#x644;&#x629; &#x641;&#x64A; &#x627;&#x644;&#x642;&#x62F;&#x631; / &#x627;&#x644;&#x62D;&#x633;&#x646; &#x627;&#x644;&#x628;&#x635;&#x631;&#x64A; -- &#x643;&#x62A;&#x627;&#x628; &#x623;&#x635;&#x648;&#x644; &#x627;&#x644;&#x639;&#x62F;&#x644; &#x648;&#x627;&#x644;&#x62A;&#x648;&#x62D;&#x64A;&#x62F; / &#x627;&#x644;&#x642;&#x627;&#x633;&#x645; &#x627;&#x644;&#x631;&#x633;&#x64A; -- &#x627;&#x644;&#x645;&#x62E;&#x62A;&#x635;&#x631; &#x641;&#x64A; &#x627;&#x635;&#x648;&#x644; &#x627;&#x644;&#x62F;&#x64A;&#x646; / &#x627;&#x644;&#x642;&#x627;&#x636;&#x64A; &#x639;&#x628;&#x62F; &#x627;&#x644;&#x62C;&#x628;&#x627;&#x631; -- &#x625;&#x646;&#x642;&#x627;&#x630; &#x627;&#x644;&#x628;&#x634;&#x631; &#x645;&#x646; &#x627;&#x644;&#x62C;&#x628;&#x631; &#x648;&#x627;&#x644;&#x642;&#x62F;&#x631; / &#x627;&#x644;&#x634;&#x631;&#x64A;&#x641; &#x627;&#x644;&#x645;&#x631;&#x62A;&#x636;&#x649;</subfield>
  </datafield>
  <datafield tag="650" ind1=" " ind2=" ">
    <subfield code="9">16065</subfield>
    <subfield code="a">&#x639;&#x644;&#x645; &#x627;&#x644;&#x643;&#x644;&#x627;&#x645;</subfield>
  </datafield>
  <datafield tag="653" ind1=" " ind2=" ">
    <subfield code="b">General</subfield>
    <subfield code="c">July2011</subfield>
  </datafield>
  <datafield tag="740" ind1=" " ind2=" ">
    <subfield code="a">&#x631;&#x633;&#x627;&#x644;&#x629; &#x641;&#x64A; &#x627;&#x644;&#x642;&#x62F;&#x631;</subfield>
  </datafield>
  <datafield tag="740" ind1=" " ind2=" ">
    <subfield code="a">&#x643;&#x62A;&#x627;&#x628; &#x623;&#x635;&#x648;&#x644; &#x627;&#x644;&#x639;&#x62F;&#x644; &#x648;&#x627;&#x644;&#x62A;&#x648;&#x62D;&#x64A;&#x62F;</subfield>
  </datafield>
  <datafield tag="740" ind1=" " ind2=" ">
    <subfield code="a">&#x627;&#x644;&#x645;&#x62E;&#x62A;&#x635;&#x631; &#x641;&#x64A; &#x623;&#x635;&#x648;&#x644; &#x627;&#x644;&#x62F;&#x64A;&#x646;</subfield>
  </datafield>
  <datafield tag="740" ind1=" " ind2=" ">
    <subfield code="a">&#x625;&#x646;&#x642;&#x627;&#x630; &#x627;&#x644;&#x628;&#x634;&#x631; &#x645;&#x646; &#x627;&#x644;&#x62C;&#x628;&#x631; &#x648;&#x627;&#x644;&#x642;&#x62F;&#x631;</subfield>
  </datafield>
  <datafield tag="942" ind1=" " ind2=" ">
    <subfield code="2">ddc</subfield>
    <subfield code="c">BB</subfield>
  </datafield>
  <datafield tag="999" ind1=" " ind2=" ">
    <subfield code="c">15720</subfield>
    <subfield code="d">15720</subfield>
  </datafield>
  <datafield tag="952" ind1=" " ind2=" ">
    <subfield code="0">0</subfield>
    <subfield code="1">0</subfield>
    <subfield code="2">ddc</subfield>
    <subfield code="4">0</subfield>
    <subfield code="7">0</subfield>
    <subfield code="8">Alef-Baa</subfield>
    <subfield code="a">MAIN</subfield>
    <subfield code="b">MAIN</subfield>
    <subfield code="c">LOW</subfield>
    <subfield code="d">2011-07-21</subfield>
    <subfield code="e">purchase</subfield>
    <subfield code="o">240 &#x631; &#x633; &#x627;</subfield>
    <subfield code="p">000024425</subfield>
    <subfield code="r">2025-07-15 00:00:00</subfield>
    <subfield code="y">BB</subfield>
  </datafield>
</record>
